International treaties as a tool of regulations of the international relations

Enregistré dans:
Détails bibliographiques
Auteur principal: Harakaľová, Dorota, 1989-
Format: Chapitre de livre
Langue:anglais
Tags: Ajouter un tag
Pas de tags, Soyez le premier à ajouter un tag!

MARC

LEADER 00000naa$a2200000$$$4500
001 0184219
005 20240502083435.0
041 0 |a eng 
044 |a HU 
245 1 0 |a International treaties as a tool of regulations of the international relations  |c Dorota Harakaľová 
100 1 |a Harakaľová, Dorota, 1989-